000 01044pam a2200313 i 4500
001 015653370
003 EG-ScBUE
005 20250730103449.0
008 100917s2011 nyua f 001 0 eng d
020 _a0071313680 (pbk.) :
020 _a9780071313681 (pbk.) :
040 _aEG-ScBUE
_beng
_erda
_cEG-ScBUE
_dEG-ScBUE
082 0 4 _a540
_222
_bCHA
100 1 _aChang, Raymond,
_eauthor.
_931039
245 1 0 _aGeneral Chemistry :
_bthe essential concepts /
_cRaymond Chang, Williams College, Jason Overby, the College of Charleston.
250 _aSixth edition.
250 _aInternational edition.
264 1 _aNew York :
_bMcGraw-Hill,
_c2011.
300 _a1 volume (various pagings) :
_billustrations ;
_c26 cm
336 _2rdacontent
_atext
_btxt
337 _aunmediated
_2rdamedia
_bn
338 _avolume
_bnc
_2rdacarrier
500 _aIncludes index.
650 7 _aChemistry.
_2BUEsh
_931040
653 _cOctober2012
655 _vReading book
700 1 _aOverby, Jason Scott,
_d1970-
_eauthor.
_931041
942 _2ddc
_cBB
999 _c17049
_d17021